A course in workshop technology V.1 : manufacturing process (Record no. 170250)

MARC details
000 -LEADER
fixed length control field 00434nam a2200157Ia 4500
008 - FIXED-LENGTH DATA ELEMENTS--GENERAL INFORMATION
fixed length control field 231217s9999 xx 000 0 und d
041 ## - LANGUAGE CODE
Language code of text/sound track or separate title English
082 ## - DEWEY DECIMAL CLASSIFICATION NUMBER
Classification number 670.42 RAG
100 ## - MAIN ENTRY--PERSONAL NAME
Personal name Raghuwanshi, B S.
245 #2 - TITLE STATEMENT
Title A course in workshop technology V.1 : manufacturing process
250 ## - EDITION STATEMENT
Edition statement 9th ed.
260 ## - PUBLICATION, DISTRIBUTION, ETC.
Date of publication, distribution, etc. 1996
Name of publisher, distributor, etc. Dhanapat Rai
Place of publication, distribution, etc. Delhi
300 ## - PHYSICAL DESCRIPTION
Extent xvi+709, A10
650 ## - SUBJECT ADDED ENTRY--TOPICAL TERM
Topical term or geographic name entry element course,workshop,technology,V.1
942 ## - ADDED ENTRY ELEMENTS (KOHA)
Koha item type Books
Holdings
Date last seen Total checkouts Full call number Accession number Price effective from Category Public note Lost status Damaged status Department Withdrawn status Home library Current library Shelving location Entry date Grants Billdate Currency symbol Conversion rate Discount Old discount Vendor
26/01/2024   670.42 RAG 24479 26/01/2024 Books Gratis     ME   Central Library Central Library ME 18/12/2003 ME 07/04/2005 RS 1      
26/01/2024   670.42 RAG.1 38109 26/01/2024 Books       ME   Central Library Central Library ME 02/09/2005 ME 20/03/2012 RS 1     Publisher

© For any Suggestions or Query, please contact the library staff @ librarian@pes.edu or Phone: +9180 2672 1983/ 2108.